Catálogo

DERECHO DE FAMILIA Y SUCESIONES (Registro nro. 6537)

Detalles MARC
000 -LEADER
fixed length control field 00730nam a2200217 a 4500
001 - CONTROL NUMBER
control field 6537
005 - DATE AND TIME OF LATEST TRANSACTION
control field 20180713190408.0
008 - FIXED-LENGTH DATA ELEMENTS--GENERAL INFORMATION
fixed length control field 140415s1990 mx 000 0 spa d
020 ## - INTERNATIONAL STANDARD BOOK NUMBER
International Standard Book Number 9686199837
041 ## - LANGUAGE CODE
Language code of text/sound track or separate title spa
082 ## - DEWEY DECIMAL CLASSIFICATION NUMBER
Classification number 346.015
Item number BAQ
100 1# - MAIN ENTRY--PERSONAL NAME
Personal name BAQUEIRO ROJAS, EDGAR
245 10 - TITLE STATEMENT
Title DERECHO DE FAMILIA Y SUCESIONES
250 ## - EDITION STATEMENT
Edition statement 1a ed.
260 ## - PUBLICATION, DISTRIBUTION, ETC.
Place of publication, distribution, etc. MEXICO :
Name of publisher, distributor, etc. HARLA,
Date of publication, distribution, etc. 1990
300 ## - PHYSICAL DESCRIPTION
Extent 493
Dimensions x 17 x 23
490 ## - SERIES STATEMENT
Series statement COLE. TEXTOS JURÍDICOS UNIVERSITARIOS
520 ## - SUMMARY, ETC.
Summary, etc. ESTE LIBRO SE PROPONE INTRODUCIR EN EL ESTUDIO Y APRENDIZAJE DE LOS ASPECTOS FUNDAMENTALES DEL DERECHO DE FAMILIA
650 14 - SUBJECT ADDED ENTRY--TOPICAL TERM
Topical term or geographic name entry element DERECHO DE FAMILIA
General subdivision RELACIONES DE FAMILIA
-- DERECHO
700 1# - ADDED ENTRY--PERSONAL NAME
Personal name BUENROSTRO BAEZ, ROSALIA
Relator term coaut.
Existencias
Withdrawn status Lost status Source of classification or shelving scheme Damaged status Not for loan Collection code Home library Current library Shelving location Date acquired Source of acquisition Inventory number Total Checkouts Full call number Barcode Date last seen Date last checked out Price effective from Koha item type
    Dewey Decimal Classification     General Biblioteca Karol Wojtyla Biblioteca Karol Wojtyla Sala general 03/12/2013 Compra 151000000000000000046002 2 346.015 BAQ 30256 05/01/2026 24/03/2025 03/12/2013 Libro
  No inventariado Dewey Decimal Classification       Biblioteca Karol Wojtyla Biblioteca Karol Wojtyla   03/12/2013 Compra     346.015 BAQ 20218     03/12/2013 Libro
    Dewey Decimal Classification     General Biblioteca Karol Wojtyla Biblioteca Karol Wojtyla Sala general 03/12/2013 Compra 151000000000000000046001 3 346.015 BAQ 19066 05/01/2026 21/01/2022 03/12/2013 Libro